00000000cam 2200000zi 4500
0019.950725
003CaOODSP
00520260529084307
006m     o  d f      
007cr cn|||||||||
008250501e202505##onc     o    f000 0 fre d
020 |a9780660771199
020 |z9780660771182 |q(incorrect)
040 |aCaOODSP|bfre|erda|cCaOODSP
043 |an-cn---
045 |ay2y2
0861 |aP114-29/2025F-PDF
24500|aRapport de suivi concernant l'examen des pratiques d'approvisionnement de la Gendarmerie royale du Canada de 2020-2021 / |cBureau de l'ombud de l'approvisionnement.
264 1|aOttawa, ON : |bGouvernement du Canada, Bureau de l'ombud de l'approvisionnement = Government of Canada, Office of the Procurement Ombud, |cmai 2025.
300 |a1 ressource en ligne (14 pages)
336 |atexte|btxt|2rdacontent/fre
337 |ainformatique|bc|2rdamedia/fre
338 |aressource en ligne|bcr|2rdacarrier/fre
500 |aPublié aussi en anglais sous le titre : Follow-up report to the 2020-2021 procurement practice review of the Royal Canadian Mounted Police.
500 |aL'ISBN (9780660771182) imprimé dans cette publication est incorrect.
61026|aGendarmerie royale du Canada|xApprovisionnement|xÉvaluation.
7101 |aCanada. |bBureau de l'ombud de l'approvisionnement, |eorganisme de publication.
77508|tFollow-up report to the 2020-2021 procurement practice review of the Royal Canadian Mounted Police / |w(CaOODSP)9.950724
85640|qPDF|s529 Ko|uhttps://publications.gc.ca/collections/collection_2026/spac-pspc/P114-29-2025-fra.pdf
8564 |qHTML|sS.O.|uhttps://opo-boa.gc.ca/praapp-prorev/2025/suivi-followup-grc-rcmp-fra.html